000 00229nam a2200097Ia 4500
001 703316
005 20250826162349.0
008 250824s9999 xx 000 0 und d
245 0 _aTAŞ
_cHAKKI ÖZKAN
260 _bÖZYÜREK YAYINLARI
999 _c703316
_d703316